Las mujeres en la Biblia: experiencias e interpelaciones

Guardat en:
Dades bibliogràfiques
Autor principal: Dumais, Monique (Autor)
Format: Llibre
Idioma:espanyol
Publicat: Madrid Paulinas 1985
Col·lecció:Colección Estudios Bíblicos, 3
Matèries:
Etiquetes: Afegir etiqueta
Sense etiquetes, Sigues el primer a etiquetar aquest registre!

MARC

LEADER 00000nam a2200000 a 4500
001 UCX4896
003 CL-VaPUC
008 920811e19850000SP |||||||||||||||||spa|d
082 0 4 |a 220.8  |b DUM  |2 21 
100 0 |a Dumais, Monique  |e author  |9 321186 
245 1 4 |a Las mujeres en la Biblia: experiencias e interpelaciones 
300 |a 123 p 
942 |c BK 
945 |d 19920811 00:00:00 
260 |a Madrid  |b Paulinas  |c 1985 
650 7 |a MUJERES EN LA BIBLIA  |2 CL-VaPUC  |9 321187 
583 |a last modification  |c 19920811 00:00:00  |k Rodrigo Vera 
490 0 |a Colección Estudios Bíblicos, 3 
999 |c 225268  |d 225266 
952 |0 0  |1 0  |4 0  |6 220_800000000000000_DUM_1985  |7 0  |8 A  |9 222652  |a BIBTEO  |b BIBTEO  |d 2019-11-15  |i 2914484  |l 4  |m 4  |o 220.8 DUM 1985  |p 2914484  |r 2025-01-17  |s 2023-11-28  |w 2019-11-15  |y BK  |k ICR